LEADER 01221nam--2200397---450- 001 990003255410203316 005 20090526155834.0 010 $a978-88-8941-321-0 035 $a000325541 035 $aUSA01000325541 035 $a(ALEPH)000325541USA01 035 $a000325541 100 $a20090526d2007----km-y0itay50------ba 101 $aita 102 $aIT 105 $a||||||||001yy 200 1 $aEnrico Mattei$eil comandante partigiano, l?uomo politico, il manager di Stato$fP. Gheda ... [et al.]$ga cura di Davide Guarnieri 210 $aPisa$cBiblioteca Franco Serrantini$d2007 215 $a127 p.$d21 cm 225 2 $aBiblioteca di cultura storica$v30 410 0$12001$aBiblioteca di cultura storica$v30 454 1$12001 461 1$1001-------$12001 600 1$aMattei,$bEnrico$2BNCF 676 $a338.76655092 702 1$aGHEDA,$bPaolo 702 1$aGUARNIERI,$bDavide 801 0$aIT$bsalbc$gISBD 912 $a990003255410203316 951 $aX.3.B. 5296$b208013 L.M.$cX.3.$d00225233 959 $aBK 969 $aUMA 979 $aMARTUCCIEL$b90$c20090526$lUSA01$h1557 979 $aMARTUCCIEL$b90$c20090526$lUSA01$h1558 996 $aEnrico Mattei$91120033 997 $aUNISA LEADER 01391nas 2200409-a 450 001 996215762103316 005 20160502031919.6 011 $a1443-3389 035 $a(OCoLC)191687434 035 $a(CKB)1000000000284963 035 $a(CONSER)--2008263088 035 $a(EXLCZ)991000000000284963 100 $a20080129a19999999 sa- - 101 0 $aeng 135 $aur||||||||||| 181 $ctxt$2rdacontent 182 $cc$2rdamedia 183 $acr$2rdacarrier 200 10$aAnnual report /$fDepartment of Transport and Regional Services 210 $a[Canberra] $c[AusInfo]$d[1999]- 517 1 $aAnnual report of the Department of Transport and Regional Services 531 $aANNUAL REPORT DEPARTMENT OF TRANSPORT & REGIONAL SERVICES 606 $aTransportation and state$zAustralia$vPeriodicals 606 $aTransportation$zAustralia$xFinance$vStatistics$vPeriodicals 606 $aTransportation and state$2fast$3(OCoLC)fst01155244 606 $aTransportation$xFinance$2fast$3(OCoLC)fst01155071 607 $aAustralia$2fast 608 $aPeriodicals.$2fast 608 $aStatistics.$2fast 615 0$aTransportation and state 615 0$aTransportation$xFinance 615 7$aTransportation and state. 615 7$aTransportation$xFinance. 906 $aJOURNAL 912 $a996215762103316 996 $aAnnual report$9162222 997 $aUNISA LEADER 03997nam0 22007813i 450 001 URB0437813 005 20251003044433.0 010 $a8814102759 100 $a20110517d2004 ||||0itac50 ba 101 | $aita 102 $ait 181 1$6z01$ai $bxxxe 182 1$6z01$an 200 1 $aTrattati dell'Unione europea e della Comunitą europea$fa cura di Antonio Tizzano 210 $aMilano$cGiuffrč$d©2004 215 $aXXI, 1452 p.$d25 cm. 225 | $aˆLe ‰fonti del diritto italiano 410 0$1001RAV0188497$12001 $aˆLe ‰fonti del diritto italiano 500 11$aTrattati dell'Unione europea$3UTO1189724$958651 606 $aUnione europea$xOrdinamento$2FIR$3CFIC070907$9E 676 $a341.24$9ASSOCIAZIONI E ORGANIZZAZIONI REGIONALI$v12 676 $a341.242$9Diritto delle nazioni (Diritto internazionale) - Unione europea$v14 676 $a341.2422$9DIRITTO INTERNAZIONALE. UNIONE EUROPEA$v21 676 $a341.2422026$9COMUNITA EUROPEA. Trattati e giurisprudenza$v21 696 $aOrdinamento giuridico 699 $aOrdinamento$zOrdinamento giuridico 702 1$aTizzano$b, Antonio$f <1940- >$3RAVV033980 712 02$aComunitą europea$3CFIV005017 712 02$aUnione europea$3LO1V022650 791 02$aCEE$3CFIV005018$zComunitą europea 791 02$aComunitą economica europea$3CFIV018059$zComunitą europea 791 02$aEur?paik? en?s?$3CFIV141580$zComunitą europea 791 02$aCE$3CFIV230594$zComunitą europea 791 02$aCommunauté européenne$3CFIV230604$zComunitą europea 791 02$aEuropean community$3CFIV230605$zComunitą europea 791 02$aCommunauté économique européenne$3CFIV230612$zComunitą europea 791 02$aEuropese gemeenschap$3CFIV230613$zComunitą europea 791 02$aEuropese economische gemeenschap$3CFIV230614$zComunitą europea 791 02$aComunidad europea$3CFIV230615$zComunitą europea 791 02$aComunidade europeia$3CFIV230616$zComunitą europea 791 02$aEuropäische Gemeinschaft$3CFIV230620$zComunitą europea 791 02$aCEE$3CFIV005018$zComunitą europea 791 02$aComunitą economica europea$3CFIV018059$zComunitą europea 791 02$aEur?paik? en?s?$3CFIV141580$zComunitą europea 791 02$aCE$3CFIV230594$zComunitą europea 791 02$aCommunauté européenne$3CFIV230604$zComunitą europea 791 02$aEuropean community$3CFIV230605$zComunitą europea 791 02$aCommunauté économique européenne$3CFIV230612$zComunitą europea 791 02$aEuropese gemeenschap$3CFIV230613$zComunitą europea 791 02$aEuropese economische gemeenschap$3CFIV230614$zComunitą europea 791 02$aComunidad europea$3CFIV230615$zComunitą europea 791 02$aComunidade europeia$3CFIV230616$zComunitą europea 791 02$aEuropäische Gemeinschaft$3CFIV230620$zComunitą europea 791 02$aUnión europea$3IEIV080055$zUnione europea 791 02$aUnion européenne$3TSAV321982$zUnione europea 791 02$aEuropean Union$3UBOV101187$zUnione europea 791 02$aUnión europea$3IEIV080055$zUnione europea 791 02$aUnion européenne$3TSAV321982$zUnione europea 791 02$aEuropean Union$3UBOV101187$zUnione europea 801 3$aIT$bIT-000000$c20110517 850 $aIT-BN0095 901 $bNAP 01$cD $n$ 901 $bNAP 01$cPOZZO LIB.$nVi sono collocati fondi di economia, periodici di ingegneria e scienze, periodici di economia e statistica e altri fondi comprendenti documenti di economia pervenuti in dono. 912 $aURB0437813 950 0$aBiblioteca Centralizzata di Ateneo$d 01D (C) 21 377$e 01C 0800213775 VMA 1 v.$fY $h20130118$i20130118$c1 v.$d 01POZZO LIB.ECON MON 1705$e 0101 0000056945E VMA 1 v. (Precedente collocazione: DASES C 108)$fB $h20090403$i20090403 977 $a 01 996 $aTrattati dell'Unione europea$958651 997 $aUNISANNIO